Обоснование способов повышения устойчивости породных обнажений горизонтальных горных выработок угольных шахт на стадии их проведения: диссертация на соискание ученой степени кандидата геолого-минералогических наук; спец. 25.00.16

Xehetasun bibliografikoak
Egile nagusia: Третенков И. В. Игорь Викторович
Erakunde egilea: Томский политехнический университет (ТПУ)
Beste egile batzuk: Штумпф Г. Г. Генрих Георгиевич (научный руководитель), Лукьянов В. Г. Виктор Григорьевич
Hizkuntza:errusiera
Argitaratua: Томск, [Б. и.], 2007
Gaiak:
Formatua: MixedMaterials Liburua
KOHA link:https://koha.lib.tpu.ru/cgi-bin/koha/opac-detail.pl?biblionumber=125660

MARC

LEADER 00000nbm0a2200000 4500
001 125660
005 20231031131429.0
035 |a (RuTPU)RU\TPU\book\135969 
090 |a 125660 
100 |a 20071119j20071101k y0rusy50 ca 
101 0 |a rus 
102 |a RU 
105 |a a m 001zy 
200 1 |a Обоснование способов повышения устойчивости породных обнажений горизонтальных горных выработок угольных шахт на стадии их проведения  |e диссертация на соискание ученой степени кандидата геолого-минералогических наук  |e спец. 25.00.16  |f И. В. Третенков  |g Томский политехнический университет (ТПУ) ; науч. рук. Г. Г. Штумпф, В. Г. Лукьянов 
210 |a Томск  |c [Б. и.]  |d 2007 
215 |a 135 л.  |c ил. 
229 |a Защищена 1.11.2007 г. 
320 |a Библиогр.: с. 122-130 (120 назв.). 
610 1 |a горное дело 
610 1 |a подготовительные горные выработки 
610 1 |a породные обнажения 
610 1 |a устойчивость 
610 1 |a анализ 
610 1 |a оценка 
610 1 |a горно-геологические факторы 
610 1 |a горно-технические факторы 
610 1 |a геомеханические процессы 
610 1 |a горизонтальные выработки 
610 1 |a экономическая эффективность 
610 1 |a диссертации 
610 1 |a труды учёных ТПУ 
675 |a 622.26(04)  |v 3 
686 |a 25.00.16  |2 oksvnk 
700 1 |a Третенков  |b И. В.  |g Игорь Викторович 
702 1 |a Штумпф  |b Г. Г.  |g Генрих Георгиевич  |4 727 
702 1 |a Лукьянов  |b В. Г.  |c горный инженер  |c профессор Томского политехнического университета, доктор технических наук  |f 1930-  |g Виктор Григорьевич  |2 stltpush  |3 (RuTPU)RU\TPU\pers\12910  |4 727 
712 0 2 |a Томский политехнический университет (ТПУ)  |z 1991-  |2 stltpush  |3 (RuTPU)RU\TPU\col\376 
801 1 |a RU  |b 63413507  |c 20071119  |g PSBO 
801 2 |a RU  |b 63413507  |c 20130515  |g PSBO 
942 |c BK